000 00270nam a2200121Ia 4500
008 190216s9999||||xx |||||||||||||| ||und||
100 _aDas P K
245 4 _aThe Monsoons
260 _bNational Book Trust India
_c1968
300 _a163p
650 _aBotany
942 _cBK
999 _c1091
_d1091